Focus sur: Ungoliant - Tolkien - Statistiques

Statistiques générales
  • Ce quiz a été pris 43 fois
  • Le résultat moyen est 5 sur 6
Statistiques - réponses
Informations recherchées Réponses % Correct
Ages durant lequel elle vécut Premier
100%
Espèce Araignée géante
92%
Fille Arachne
86%
Première apparition Le Silmarillion
84%
Contrées Pied du Hyarmentir, Avathar (Aman)
73%
Dungortheb
49%
Aucun quiz correspondant
Distribution des résultats
% des personnes avec chaque résultat
Percentile par nombre de réponses
Votre historique - résultats
Vous n’avez pas pris ce quiz